000 00524nam a22001817a 4500
003 CEME
005 20210628202017.0
008 210223b xxu||||| |||| 00| 0 eng d
020 _a0-13-258526-X
040 _c.
082 _a658 HAN
100 _aHanna, Mark D Newman, W. Rocky
_957350
245 _aIntergrated operations management, adding value for customers
260 _aNEW JERSEY
_bPRENTICE HALL
_c2001
300 _aXXI,805P
650 _aINDUSTRIAL MANAGEMENT PRODUCTION MANAGEMENT
_957865
942 _cBK
_2ddc
999 _c568109
_d568109